LEADER 01377nas a2200253 i 4500 001 000000171091 003 CaOOAMICUS 005 20080417000000.0 008 080417b2007 pl uu u0 0mul r 013 $a148515 040 $aSeMil$bita 245 10$aNeofilologia =$bLittérature Générale = General Literature. 246 01$aLittérature Générale = General Literature 260 $aLublin :$bTowarzystwo Naukowe Katolickiego Uniwersytetu Lubelskiego Jana Pawla 2.,$c2007. 300 $a261 p. :$btabelle ;$c24 cm. 500 $aDoppio frontespizio a fronte con formulazione parallela del titolo in francese e in inglese. - Articoli con sintesi in inglese [Summary] o in polacco [Streszczenie] in coda. 773 0 $tRoczniki Humanistyczne.$dLublin : Towarzystwo Naukowe Katolickiego Uniwersytetu Lubelskiego, 1949.$x0035-7707$w()2885 774 0 $t[vedi periodico].$w()268544 850 $aSeMil 852 $aSeMil$W1$xVenegono$y1$m216 1 104$j121968$B121968$CSeMilBibl$Z2$F133191 $85 961 $aCambio: Scuola Cattolica 996 $6245$aNeofilologia =$bLittérature Générale = General Literature$9(OLS)http://semarc/title/145222 996 $6246$aLittérature Générale = General Literature$9(OLS)http://semarc/title/145223 996 $6260$aLublin :$bTowarzystwo Naukowe Katolickiego Uniwersytetu Lubelskiego Jana Pawla 2.$9(OLS)http://semarc/publisher/49000 LEADER 01252nam a2200217 i 4500 001 000000119505 003 CaOOAMICUS 005 20031028000000.0 008 031028s1989 it u000 u ita u 013 $a92199 040 $aSeMil$bita 100 1 $aConvegno delle Chiese di Sicilia <2. ; 1988 ; Acireale>.$0(OLS)http://semarc/name/49827 245 13$aIl ministero presbiterale nella Sicilia verso il terzo millennio :$batti del 2. Convegno Presbiterale Regionale promosso dalla Conferenza Episcopale Siciliana : Acireale, 15-20 maggio 1988 /$ca cura della Segreteria Generale. 300 $a268 p., [33] c. di tav. :$bill., tabelle. 500 $aContiene : Appendice. 700 1 $aConferenza Episcopale Siciliana : Segreteria Generale.$0(OLS)http://semarc/name/45367 773 0 $tPresenza per servire.$d[Italia] : [s.n.], stampa 1985-stampa 1989$w()10327 850 $aSeMil 852 $aSeMil$W1$xVenegono$y1$m2F III 26$j74713$B74713$CSeMilBibl$Z2$F78741 $81 961 $aOmaggio: Martini Card. Carlo Maria 996 $6245$aIl ministero presbiterale nella Sicilia verso il terzo millennio :$batti del 2. Convegno Presbiterale Regionale promosso dalla Conferenza Episcopale Siciliana : Acireale, 15-20 maggio 1988$9(OLS)http://semarc/title/175632